Truyện ngắn A.X. Puskin

محفوظ في:
التفاصيل البيبلوغرافية
المؤلف الرئيسي: A X Puskin
التنسيق: كتاب
اللغة:Undetermined
منشور في: Hà Nội ĐH và THCN 1985
الموضوعات:
الوسوم: إضافة وسم
لا توجد وسوم, كن أول من يضع وسما على هذه التسجيلة!
Thư viện lưu trữ: Trung tâm Học liệu Trường Đại học Cần Thơ
LEADER 00490nam a2200169Ia 4500
001 CTU_15865
008 210402s9999 xx 000 0 und d
082 |a 891.733 
082 |b P987 
100 |a A X Puskin 
245 0 |a Truyện ngắn A.X. Puskin 
245 2 |c A X Puskin, Đỗ Hồng Chung 
260 |a Hà Nội 
260 |b ĐH và THCN 
260 |c 1985 
650 |a russian fiction,short stories, russian 
980 |a Trung tâm Học liệu Trường Đại học Cần Thơ